[Event "AUTO-INT-3549"]
[Site "http://www.queenalice.com/game.php?id=1616097"]
[Date "2020.6.11"]
[Round "1"]
[White "wudang"]
[Black "Danilo"]
[Result "1-0"]
[WhiteElo "2043"]
[BlackElo "1709"]

1. e4 e5 2. Nf3 d6 3. d4 c6 4. dxe5 dxe5 5. Qxd8+ Kxd8 6. Nxe5 Ke8 7. Be3 Nf6 8.
Nd2 Bb4 9. f3 Nbd7 10. Nd3 Bxd2+ 11. Bxd2 a6 12. O-O-O Nc5 13. Nxc5 b5 14. Bg5
Nh5 15. Rd8# 1-0

[Event "AUTO-INT-3549"]
[Site "http://www.queenalice.com/game.php?id=1616098"]
[Date "2020.6.11"]
[Round "1"]
[White "Danilo"]
[Black "wudang"]
[Result "0-1"]
[WhiteElo "1783"]
[BlackElo "2101"]

1. e4 e6 2. d4 d5 3. e5 c5 4. Nf3 cxd4 5. Qxd4 Nc6 6. Bb5 Ne7 7. Bg5 h6 8. Bxc6+
bxc6 9. Bxe7 Bxe7 10. Nc3 Ba6 11. Qa4 Qb6 12. O-O-O O-O 13. Nd4 Rab8 14. Nb3 c5
15. Qg4 Rfc8 16. Na4 Qb7 17. f4 c4 18. Nd4 c3 19. Nxc3 Qxb2+ 20. Kd2 Qxc3+ 21.
Kc1 Ba3# 0-1

[Event "AUTO-INT-3549"]
[Site "http://www.queenalice.com/game.php?id=1616109"]
[Date "2020.6.11"]
[Round "1"]
[White "Danilo"]
[Black "JPC93"]
[Result "0-1"]
[WhiteElo "1782"]
[BlackElo "1719"]

1. e4 d5 2. e5 Nc6 3. d4 e6 4. Nf3 Nh6 5. Bg5 Be7 6. Bxh6 gxh6 7. Bd3 f6 8. c4
fxe5 9. Nxe5 Nxe5 10. dxe5 Bb4+ 11. Nc3 Qg5 12. g3 Qxe5+ 13. Be2 Bxc3+ 14. bxc3
Qxc3+ 15. Kf1 dxc4 16. Qa4+ Bd7 17. Qd1 O-O-O 18. Qc1 Qxc1+ 19. Rxc1 Bc6 20. Rg1
b5 21. h3 Rhf8 22. Bg4 Bd5 23. h4 c5 24. f3 Kc7 25. Re1 Rde8 26. Rg2 Bxf3 27.
Bxf3 Rxf3+ 28. Kg1 Kc6 29. Rf1 Rxf1+ 30. Kxf1 a5 31. Ke2 Rd8 32. g4 c3 33. Ke3
c4 34. h5 Rd3+ 35. Ke4 Rd2 36. Rg1 b4 0-1

[Event "AUTO-INT-3549"]
[Site "http://www.queenalice.com/game.php?id=1616110"]
[Date "2020.6.11"]
[Round "1"]
[White "JPC93"]
[Black "Danilo"]
[Result "1-0"]
[WhiteElo "1732"]
[BlackElo "1707"]

1. e4 e5 2. Nf3 d6 3. d4 Bd7 4. dxe5 dxe5 5. Nxe5 f6 6. Nf3 h6 7. Nc3 Bb4 8. Bd2
Bc6 9. Bd3 Ne7 10. a3 Bc5 11. Be3 Bxe3 12. fxe3 Ng6 13. Qe2 Nd7 14. O-O-O Qe7
15. h4 Nge5 16. Nxe5 fxe5 17. Bb5 Bxb5 18. Nxb5 Nc5 19. Qh5+ Qf7 20. Nxc7+ Kf8
21. Rhf1 Qxf1 22. Rxf1+ 1-0

[Event "AUTO-OPEN-4184"]
[Site "http://www.queenalice.com/game.php?id=1616185"]
[Date "2020.6.11"]
[Round "1"]
[White "Danilo"]
[Black "sofia"]
[Result "1-0"]
[WhiteElo "1681"]
[BlackElo "1794"]

1. e4 e5 2. Bc4 Nf6 3. Nf3 Nc6 4. Ng5 d5 5. exd5 Nxd5 6. d3 h6 7. Ne4 f5 8. Ned2
Nf4 9. Rg1 Bc5 10. g3 Nh3 11. Qh5+ Kd7 12. Qxh3 Nd4 13. Kd1 g6 14. Nc3 c6 15.
Nde4 Bb4 16. Bd2 Kc7 17. Qg2 fxe4 18. Qxe4 Qf8 19. Qxe5+ Qd6 20. Qg7+ Bd7 21.
Bf4 Qxf4 22. gxf4 b5 23. Bxb5 cxb5 24. Qxd4 a5 25. Rxg6 Rhd8 26. Nd5+ Kc8 27.
Nb6+ Kb7 28. Nxd7 Rac8 29. Qb6+ 1-0

[Event "AUTO-OPEN-4184"]
[Site "http://www.queenalice.com/game.php?id=1616186"]
[Date "2020.6.11"]
[Round "1"]
[White "sofia"]
[Black "Danilo"]
[Result "0-1"]
[WhiteElo "1773"]
[BlackElo "1675"]

1. e4 e5 2. Nf3 d6 3. h3 Nf6 4. d3 h6 5. Nc3 a6 6. Be2 Be6 7. O-O Qd7 8. d4 exd4
9. Nxd4 d5 10. e5 Nh7 11. a3 Ng5 12. Nxe6 fxe6 13. Bd3 Nc6 14. Qh5+ Nf7 15. f4
O-O-O 16. f5 Bc5+ 17. Kh1 Nfxe5 18. fxe6 Qd6 19. Bf5 Ne7 20. Bg4 g6 21. Qh4 h5
22. Bf3 Qxe6 23. Bg5 Nxf3 24. Rxf3 Nf5 25. Qa4 Rde8 26. Rd1 Bd6 27. Nxd5 Qe1+
28. Rf1 Ng3+ 29. Kg1 Bc5+ 30. Kh2 Nxf1+ 31. Kh1 Qxd1 32. Nf6 Ne3+ 33. Kh2 Bd6+
34. Bf4 Ng4+ 35. Nxg4 hxg4 36. Bxd6 Qxd6+ 37. g3 Qd2+ 0-1

[Event "AUTO-OPEN-4184"]
[Site "http://www.queenalice.com/game.php?id=1616187"]
[Date "2020.6.11"]
[Round "1"]
[White "Danilo"]
[Black "Dogeval"]
[Result "0-1"]
[WhiteElo "1699"]
[BlackElo "2814"]

1. e4 c5 2. Bc4 e6 3. a3 Nf6 4. d3 d5 5. exd5 exd5 6. Bb3 Nc6 7. Nf3 Qe7+ 8. Kd2
Ne4+ 9. dxe4 dxe4 10. Ng1 Qg5+ 11. Ke1 Qxg2 12. Qh5 g6 13. Qd5 Be6 14. Qd2 Qxh1
15. Kf1 Bh3+ 16. Ke1 Qxg1+ 17. Ke2 Qf1+ 18. Ke3 Bh6+ 19. f4 Qf3# 0-1

[Event "AUTO-OPEN-4184"]
[Site "http://www.queenalice.com/game.php?id=1616188"]
[Date "2020.6.11"]
[Round "1"]
[White "Dogeval"]
[Black "Danilo"]
[Result "1-0"]
[WhiteElo "2815"]
[BlackElo "1697"]

1. d4 d5 2. c4 e6 3. Nc3 Bd7 4. cxd5 exd5 5. Nxd5 Bf5 6. Nc3 h6 7. e4 Bg6 8. Nf3
Be7 9. Ne5 Bd6 10. Nxg6 fxg6 11. Be3 Nc6 12. a3 Qe7 13. e5 Bxe5 14. dxe5 Nxe5
15. Qa4+ c6 16. O-O-O Nf6 17. Re1 a6 18. f4 Ned7 19. Bf2 Qxe1+ 20. Bxe1 1-0

[Event "AUTO-OPEN-4184"]
[Site "http://www.queenalice.com/game.php?id=1616189"]
[Date "2020.6.11"]
[Round "1"]
[White "Danilo"]
[Black "Kouvitch"]
[Result "0-1"]
[WhiteElo "1712"]
[BlackElo "2014"]

1. e4 Nf6 2. d3 e5 3. Nf3 Nc6 4. a3 Bc5 5. Nc3 d5 6. exd5 Nxd5 7. Ne4 Be7 8. Be2
O-O 9. d4 exd4 10. Nxd4 Nxd4 11. Qxd4 Re8 12. O-O Nf4 13. Qxd8 Nxe2+ 14. Kh1
Bxd8 15. f3 Nxc1 16. Raxc1 Be7 17. Rfe1 Be6 18. Rcd1 f5 19. Nc3 Bf6 20. Nb5 Bc4
21. Nxc7 Rxe1+ 22. Rxe1 Rd8 23. b3 Be2 24. Ne6 Rd1 25. Rxd1 Bxd1 26. Nc5 b6 27.
Nd7 Bc3 28. a4 Bxc2 29. f4 Bxb3 30. g3 Bxa4 31. h4 Bxd7 32. Kh2 a5 33. g4 fxg4
34. h5 Be1 35. f5 Bxf5 36. h6 g5 37. Kg1 Bd3 38. Kg2 Kf7 39. Kg1 Kg6 40. Kh2 Kf5
41. Kg2 Kf4 42. Kh2 Kf3 43. Kh1 Kg3 44. Kg1 Bf2+ 45. Kh1 Be4# 0-1

[Event "AUTO-OPEN-4184"]
[Site "http://www.queenalice.com/game.php?id=1616190"]
[Date "2020.6.11"]
[Round "1"]
[White "Kouvitch"]
[Black "Danilo"]
[Result "1-0"]
[WhiteElo "2018"]
[BlackElo "1735"]

1. e4 e5 2. Nf3 d6 3. d4 Be7 4. dxe5 dxe5 5. Qxd8+ Bxd8 6. Nxe5 Bf6 7. Nd3 Nc6
8. f4 g6 9. Be2 Nd4 10. Bd1 h5 11. c3 Nc6 12. Be3 Bd7 13. Bb3 Be6 14. Ba4 Bd7
15. O-O O-O-O 16. Nd2 Nge7 17. Rac1 Be6 18. Nc5 Bxa2 19. b3 a6 20. Bxc6 Nxc6 21.
Rc2 Bxb3 22. Ndxb3 Bh4 23. Rb1 b6 24. Nxa6 Rd7 25. Nb4 Nxb4 26. cxb4 Rhd8 27.
Kf1 f6 28. g3 Bxg3 29. hxg3 Rd3 30. Ke2 g5 31. fxg5 fxg5 32. Bxg5 R8d7 33. Bf4
c5 34. bxc5 bxc5 35. Nxc5 1-0

[Event "AUTO-ADV-4356"]
[Site "http://www.queenalice.com/game.php?id=1616302"]
[Date "2020.6.12"]
[Round "1"]
[White "jpribeiro"]
[Black "Danilo"]
[Result "1-0"]
[WhiteElo "1940"]
[BlackElo "1664"]

1. e4 e5 2. Nf3 d6 3. d4 c6 4. dxe5 dxe5 5. Qxd8+ Kxd8 6. Nxe5 Be6 7. Be2 f6 8.
Nd3 Nd7 9. Nc3 h6 10. Bd2 Bd6 11. O-O-O a5 12. f4 Bb4 13. f5 Bf7 14. a3 Bxc3 15.
Bxc3 g6 16. fxg6 Bxg6 17. Bf3 Ne7 18. Nf4 Bf7 19. Bxf6 Rg8 20. e5 Kc7 21. e6
Bxe6 22. Nxe6+ Kc8 23. Bc3 Nf5 24. Nd4 Ne3 25. Rde1 Nc4 26. Re6 h5 27. Bxh5 Rxg2
28. Re8+ Kc7 29. Rxa8 Nc5 30. Bf3 Rf2 31. Be1 Rxf3 32. Nxf3 Na4 33. b3 Nc3 34.
Bxc3 Nxa3 35. Bxa5+ Kd6 36. Rd1+ Kc5 37. b4+ Kc4 38. Kb2 Nxc2 39. Kxc2 b6 40.
Ne5+ Kb5 41. Rb8 c5 42. Rxb6+ Ka4 43. Ra1# 1-0

[Event "AUTO-ADV-4356"]
[Site "http://www.queenalice.com/game.php?id=1616303"]
[Date "2020.6.12"]
[Round "1"]
[White "Danilo"]
[Black "jpribeiro"]
[Result "1-0"]
[WhiteElo "1688"]
[BlackElo "1880"]

1. e4 Nf6 2. Nc3 d6 3. d4 Bg4 4. f3 Bd7 5. e5 dxe5 6. dxe5 Ng8 7. Bd3 Nc6 8. f4
Nh6 9. h3 Nb4 10. a3 Nxd3+ 11. Qxd3 a6 12. Nf3 Bf5 13. Qe2 e6 14. g4 Bg6 15. Bd2
Bxc2 16. f5 exf5 17. Bxh6 fxg4 18. Qxc2 gxf3 19. Be3 Be7 20. Qb3 b6 21. Rd1 Qc8
22. Nd5 Bh4+ 23. Bf2 Bg5 24. Qc4 Bd8 25. Qc6+ Kf8 26. Rd3 Rb8 27. Rxf3 Qb7 28.
Qe6 c6 29. Ne3 Kg8 30. Qg4 h5 31. Qg3 Be7 32. Rg1 Bf8 33. Nf5 Rh7 34. Bd4 c5 35.
Be3 Qd5 36. Nh6+ Rxh6 37. Bxh6 Rd8 38. Kf1 Qd1+ 39. Kg2 Qc2+ 40. Kh1 Qg6 41.
Qxg6 fxg6 42. Rxg6 Kh7 43. Rxb6 gxh6 44. Rxa6 Bg7 45. Ra7 Rd1+ 46. Kg2 Rd2+ 47.
Kf1 Rd1+ 48. Ke2 1-0

[Event "AUTO-ADV-4356"]
[Site "http://www.queenalice.com/game.php?id=1616316"]
[Date "2020.6.12"]
[Round "1"]
[White "Danilo"]
[Black "fabricioprado"]
[Result "1-0"]
[WhiteElo "1803"]
[BlackElo "1887"]

1. e4 c5 2. Bc4 e6 3. a3 Nc6 4. Nf3 Be7 5. d4 d5 6. exd5 exd5 7. Ba2 Be6 8. O-O
Nf6 9. dxc5 O-O 10. b4 Qc7 11. Bd2 a6 12. Be3 Rad8 13. c3 1-0

[Event "AUTO-ADV-4356"]
[Site "http://www.queenalice.com/game.php?id=1616317"]
[Date "2020.6.12"]
[Round "1"]
[White "fabricioprado"]
[Black "Danilo"]
[Result "0-1"]
[WhiteElo "1908"]
[BlackElo "1782"]

1. d4 g6 2. Nf3 d5 3. g3 Nc6 4. Bg2 e6 5. O-O Bg7 6. Nc3 a6 7. e3 Nf6 8. b3 O-O
9. Ba3 b5 10. Bb2 Bb7 11. Ne2 Qd7 12. Qd3 Rab8 0-1

[Event "AUTO-ADV-4356"]
[Site "http://www.queenalice.com/game.php?id=1616318"]
[Date "2020.6.12"]
[Round "1"]
[White "Danilo"]
[Black "Bigchess"]
[Result "0-1"]
[WhiteElo "1683"]
[BlackElo "1717"]

1. e4 d5 2. e5 e6 3. d4 Nc6 4. Nf3 Bd7 5. c4 dxc4 6. Bxc4 h5 7. Bg5 Be7 8. Bf4
Nh6 9. Bxh6 Rxh6 10. O-O a6 11. a3 Bg5 12. Nc3 Qe7 13. Ne4 f6 14. exf6 Bxf6 15.
Re1 O-O-O 16. Nc5 e5 17. d5 Nd4 18. Nxd4 Qxc5 19. Be2 exd4 20. d6 Qxd6 21. Rc1
Bc6 22. Bd3 Qd5 23. Qc2 Qxg2# 0-1

[Event "AUTO-ADV-4356"]
[Site "http://www.queenalice.com/game.php?id=1616319"]
[Date "2020.6.12"]
[Round "1"]
[White "Bigchess"]
[Black "Danilo"]
[Result "1-0"]
[WhiteElo "1730"]
[BlackElo "1659"]

1. e4 e5 2. Nf3 d6 3. Bc4 h6 4. d3 a6 5. c3 b5 6. Bb3 Bg4 7. Be3 Nf6 8. Qe2 Be7
9. Nbd2 Nbd7 10. Nf1 c6 11. Ng3 g5 12. h3 Bxf3 13. Qxf3 Nc5 14. Bc2 d5 15. exd5
cxd5 16. Nf5 e4 17. dxe4 dxe4 18. Qe2 Nd5 19. Nxe7 Nxe3 20. Qxe3 Qxe7 21. O-O-O
Qe6 22. Qxc5 Rc8 23. Qe3 f5 24. Kb1 Ke7 25. Qa7+ Kf6 26. Bb3 Qe8 27. Rd6+ Ke5
28. Re6+ Qxe6 29. Bxe6 Kxe6 30. Qxa6+ Ke7 31. Qxb5 Rhd8 32. Qe5+ Kf7 33. Qxf5+
Kg7 34. Qxe4 Re8 35. Qg4 Rcd8 36. h4 Kf7 37. hxg5 hxg5 38. Qxg5 Kf8 39. Qf6+ Kg8
40. Rh8# 1-0

[Event "Railton-2"]
[Site "http://www.queenalice.com/game.php?id=1616914"]
[Date "2020.6.16"]
[Round "1"]
[White "Danilo"]
[Black "Railton"]
[Result "1/2-1/2"]
[WhiteElo "1784"]
[BlackElo "1867"]

1. e4 e5 2. Nf3 Bd6 3. Bc4 c6 4. d3 b5 5. Bb3 Bc7 6. Ng5 d5 7. exd5 cxd5 8. c4
Ne7 9. cxb5 O-O 10. Qc2 d4 11. Na3 Bb7 12. O-O h6 13. Nf3 Kh8 14. Nc4 Bxf3 15.
gxf3 f5 16. a4 f4 17. Nd2 Nd7 18. Ne4 Rc8 19. Qd2 Ba5 20. Qe2 Nc5 21. Nxc5 Rxc5
22. Kh1 Nf5 23. Bd2 Bxd2 24. Qxd2 Nh4 25. Qe2 Qf6 26. Rac1 Rfc8 27. Rxc5 Rxc5
28. Rg1 g5 29. Qe4 Qe7 30. Qa8+ Kg7 31. Qg8+ Kf6 32. Qh8+ Qg7 33. Qd8+ Qe7 34.
Qh8+ 1/2-1/2

[Event "Brother"]
[Site "http://www.queenalice.com/game.php?id=1619879"]
[Date "2020.7.10"]
[Round "-"]
[White "Railton"]
[Black "Danilo"]
[Result "1-0"]
[WhiteElo "1880"]
[BlackElo "1792"]

1. d4 f5 2. d5 e6 3. e3 d6 4. c4 e5 5. b4 a6 6. Bb2 Be7 7. a4 Bf6 8. a5 e4 9.
Bc3 h6 10. Qh5+ Kd7 11. Qxf5+ Ke8 12. Qxe4+ Ne7 13. Qc2 Nd7 14. Bd3 Ne5 15. Nf3
Nxf3+ 16. gxf3 Bd7 17. Bg6+ Nxg6 18. Qxg6+ Kf8 19. Rg1 Rg8 20. Bxf6 Qxf6 21.
Qxf6+ gxf6 22. Rxg8+ Kxg8 23. Nc3 c6 24. Ke2 cxd5 25. Nxd5 Kf7 26. h4 Bc6 27.
Rc1 Bxd5 28. cxd5 Re8 29. Rc7+ Re7 30. Rxe7+ Kxe7 31. e4 Kd7 32. Kd3 Kc7 33. Kc4
Kd7 34. f4 Ke7 35. b5 Kd7 36. f5 Kc7 37. bxa6 bxa6 38. f4 Kd7 39. Kd4 Ke7 40. e5
fxe5+ 41. fxe5 dxe5+ 42. Kxe5 h5 43. d6+ Kd7 44. f6 Ke8 45. Ke6 Kd8 46. f7 1-0